000 00719nam a2200205 4500
001 140294
003 ES-MaACL
005 20230906200041.0
007 t|
008 070214s1970 sp r ||||1| spa d
245 0 0 _aSeguir las huellas de Cristo
_b: programa de trabajo /
_cpreparado por el Equipo Nacional Francés [de la Orden Franciscana Seglar ; versión española: Francisco Alzola].
260 _aOlite (Navarra) :
_bP. Francisco Alzola,
_c1970.
300 _a80 p. ;
_c17 cm.
490 1 _aLuz y Senda ;
_v4
700 1 _aAlzola, Francisco.
_921060
710 2 _aOrden Franciscana Seglar.
_96045
830 0 _aLuz y Senda ;
_v4
_9187213
852 _aES-MaACL
_jC-42539
_bR.74125
999 _c140294
_d140294